| 000 | 01115nam0a2200337 4500 | ||
|---|---|---|---|
| 001 | RU\NLR\ONL2\15011 | ||
| 005 | 20250613131333.0 | ||
| 035 | _a(NLR Aleph) 009662596 | ||
| 090 |
_a9620911 _c9620911 |
||
| 100 | _a20091005d1969 |||y0rusy50 ca | ||
| 101 | 0 | _atat | |
| 102 | _aRU | ||
| 105 | _ac ||||||||| | ||
| 200 | 9 |
_aКасыйм Шамил _fФатих Шэрэфиев |
|
| 210 |
_aКазан _cТатар. кит. нэшр. _d1969 |
||
| 215 |
_a86,[1] б. _cфот. _d17 |
||
| 225 | 1 | _aЯкташларыбыз | |
| 300 | _aНа обл. авт. не указан. | ||
| 541 | 1 |
_6z01790 _aКасим Шамиль. _zrus |
|
| 600 | 0 | 1 |
_aШамил _bК. _f1892-1981 _gКасыйм _2psbo |
| 606 | 0 |
_aТеатр татарский _91526769 _3RU\NLR\auth\66965868 |
|
| 686 | 1 | _aЩ334.3(2=Тат)7-8 | |
| 700 | 1 |
_aШэрэфиев _bФ. _gФатих _4070 |
|
| 790 | 1 |
_6z01541 _aШарафиев _bФ. _gФатих _4070 |
|
| 801 | 0 |
_aRU _bNLR _c20091005 _gPSBO |
|
| 852 |
_aNLR _bОНЛ _jТатар./2-9372 |
||
| 942 | _cBOOK | ||
| 980 | _aNB | ||
| 980 | _aONL_RF | ||